000 00396nam a2200145Ia 4500
008 231217s9999 xx 000 0 und d
041 _aEnglish
082 _a001.6424JAV FLA `R'
100 _aFlanagan, David
245 0 _aJava foundation classes in a nutshell: A desktop quick reference
260 _c1999
_bMumbai : Oreilly/Shroff,
300 _axiii+731
650 _aJava
942 _cAA
999 _c166831
_d166831